| 000 | 00376nam a2200157Ia 4500 | ||
|---|---|---|---|
| 999 |
_c13946 _d13946 |
||
| 003 | OSt | ||
| 005 | 20260316125852.0 | ||
| 008 | 260210s9999 xx 000 0 und d | ||
| 020 | _a9783038604235 | ||
| 082 | _a720.1 | ||
| 100 | _aXiangning Li and Wilfried Wang | ||
| 245 | 0 | _aArchitecture as Built Criticism | |
| 260 | _bPARK BOOK 2025 | ||
| 260 | _c2025 | ||
| 942 |
_cRD _2ddc |
||